000 00598nam a2200229Ia 4500
003 OSt
005 20220918183814.0
006 a|||||r|||| 00| 0
007 ta
008 220917b |||||||| |||| 00| 0 eng d
024 _a41,157
037 _cTextual
040 _aARTS
_cARTS
_beng
041 _2eng
_aeng
082 _aO15,1D40c, 111L5.2,1
100 _aSchape A
_963636
245 0 _aKalidasa lexicon
260 _aBrugge
_bDe Tempel
_c1975
650 _aSANSKRIT LITERATURE
942 _hO15,1D40c, 111L5.2,1
_cTEXL
_2CC
999 _c173877
_d173877